000
00261nam a2200109Ia 4500
005
20251222153553.0
008
251222s9999||||xx |||||||||||||| ||spa||
082
_a
813.52/W56
100
_a
"Wilder, Thornton"
245
0
_a
El puente de San Luis Rey
942
_c
LIB
999
_c
30915
_d
30915